Statistics for Highest mountains - image quiz

Click here to take the quiz!

General Stats

  • This quiz has been taken 11 times
  • The average score is 3 of 16

Answer Stats

Answer% Correct
Everest
100%
Kilimanjaro
90%
Mauna Kea
40%
Aconcagua
40%
Whitney
10%
Olympus Mons
10%
Rakaposhi
0%
Chimborazo
0%
Ojos Del Salado
0%
Mount Elbert
0%
Gangkhar Puensum
0%
Puncak Jaya
0%
Sophienhöhe
0%
Mons Huygens
0%
Selenean Summit
0%
Rheasilvia
0%

Score Distribution

Percentile by Number Answered

Percent of People with Each Score

Your Score History

You have not taken this quiz